| 000 | 01192nam a2200205Ia 4500 | ||
|---|---|---|---|
| 003 | Ost | ||
| 005 | 20260507075742.0 | ||
| 008 | 260507s9999||||xx |||||||||||||| ||und|| | ||
| 040 | _cfsecg | ||
| 041 | _aara | ||
| 082 | _a330 | ||
| 100 |
_aالنجار، فريد _eمؤلف |
||
| 245 | 0 |
_aالمنافسة والترويج التطبيقي : _bآليات الشركات لتحسين المراكز التنافسية / _c فريد النجار |
|
| 260 |
_aالإسكندرية: _bمؤسسة شباب الجامعة, _c2006 |
||
| 300 |
_a187 صفحة؛ _bإيضاحات ؛ _c24 سم |
||
| 520 | _aتحليل موقف المنافسة والتنافسية- تحليل الفرص التسويقية- المهارات الإستراتيجية- الترويح والاتصالات التسويقية- استراتيجيات العلاقات العامة والترويج- بحوث العلاقات العامة وقياس الآراء- أساليب التحليل التنافسي والأزمات- مدخل المقارانات التطورية المستمرة لتحسين المراكز التنافسية | ||
| 653 | _aالترويج | ||
| 653 | _aالمنافسة | ||
| 942 | _cكتاب | ||
| 999 |
_c46154 _d46154 |
||